ბათუმის შოთა რუსთაველის სახელმწიფო უნივერსიტეტის ბიბლიოთეკა

Динамика почвенных растворов красноземных почв (ბიბ.ჩანაწერი № 45978)

000 -LEADER
fixed length control field 00749nam a2200217Ia 4500
001 - CONTROL NUMBER
control field 12807
003 - CONTROL NUMBER IDENTIFIER
control field GE_BSU
008 - FIXED-LENGTH DATA ELEMENTS--GENERAL INFORMATION
fixed length control field 181216s||||||||xx |||||||||||||| ||und||
040 ## - CATALOGING SOURCE
Transcribing agency GE_BSU
080 ## - UNIVERSAL DECIMAL CLASSIFICATION NUMBER
Universal Decimal Classification number 631.4(479.22)
100 ## - MAIN ENTRY--PERSONAL NAME
Personal name Дараселия,М.К.
245 ## - TITLE STATEMENT
Title Динамика почвенных растворов красноземных почв
245 ## - TITLE STATEMENT
Remainder of title Итоги многолетних лизиметрических исследовании
260 ## - PUBLICATION, DISTRIBUTION, ETC.
Place of publication, distribution, etc. Тбилиси
260 ## - PUBLICATION, DISTRIBUTION, ETC.
Name of publisher, distributor, etc. Мецниереба
260 ## - PUBLICATION, DISTRIBUTION, ETC.
Date of publication, distribution, etc. 1974
300 ## - PHYSICAL DESCRIPTION
Extent 225стр.илл.20см.
300 ## - PHYSICAL DESCRIPTION
Dimensions Библиогр.с.215-220
653 ## - INDEX TERM--UNCONTROLLED
Uncontrolled term Динамика почвенных растворов красноземных почв
942 ## - ADDED ENTRY ELEMENTS (KOHA)
Koha item type წიგნი
ეგზემპლარები
Withdrawn status Lost status Damaged status Not for loan Date acquired Barcode Date last seen Price effective from Koha item type
        2018-12-17 21018 2018-12-17 2018-12-17 წიგნი
        2018-12-17 21019 2018-12-17 2018-12-17 წიგნი